Normal view
MARC view
- Sivashanmugam, P
Entry Personal Name
001 - CONTROL NUMBER
- control field: 4048
003 - CONTROL NUMBER IDENTIFIER
- control field: OSt
005 - DATE AND TIME OF LATEST TRANSACTION
- control field: 20190516121731.0
008 - FIXED-LENGTH DATA ELEMENTS
- fixed length control field: 190516|| aca||aabn | a|a d
040 ## - CATALOGING SOURCE
- Original cataloging agency: OSt
- Transcribing agency: OSt
100 ## - HEADING--PERSONAL NAME
- Personal name: Sivashanmugam, P
670 ## - SOURCE DATA FOUND
- Source citation: Work cat.: (OSt): Sivashanmugam, P, Text Book On Environmental Science, 2018
